|
|
แสดงรายละเอียดบรรณานุกรม |
|
|
Brief Record
: Get Marc (ISO 2709)
: E-mail record
: |
|
|
| LEADER 00000nama 2200000uu 4500 | |||
| 001 194801 | |||
| 003 ULIBM | |||
| 008 040531s|||| th m m a000 0 tha d | |||
| 041 tha | |||
| 050 WY154 อ871 2546 | |||
| 245 เอกสารการประกอบการประชุมวิชาการการบริการทางการแพทย์ฉุกเฉิน=Emergency Medical Service : EMS/วิทยาลัยสาธารณสิขสิรินธร จังหวัดขอนแก่น. | |||
| 260 ขอนแก่น. วิทยาลัยสาธารณสุขสิรินธร จังหวัดขอนแก่น. 2546. | |||
| 300 206 หน้า. | |||
| 500 วันที่27-29 สิงหาคม 2546 ณ ห้องศรีจันทร์ โรงแรมเจริญธานีปริ๊นเซส จังหวัดขอนแก่น | |||
| 650 1.การพยาบาลฉุกเฉิน 2.บริการทางการแพทย์. | |||
| 995 001 | |||
| คุณยังไม่ได้ล็อกอิน คุณสามารถมีกิจกรรมร่วมกับเว็บไซต์ได้ แต่ต้องล็อกอินก่อน :: |
|
| สถานะ | |||||||||
| - ไม่พบข้อมูล - | |||||||||
| [แสดง 1/1 รายการ] | |||||||||
BibComment |
| คอมเมนท์ทรัพยากรรายการนี้ |
|
|